| 000 | 01526cam a2200409 i 4500 | ||
|---|---|---|---|
| 001 | 768714001 | ||
| 003 | CO-MdFUSB | ||
| 005 | 20231003113036.0 | ||
| 007 | ta | ||
| 008 | 040616t2004 enk f 000 0 eng | ||
| 020 |
_a028105665X _qpaperback |
||
| 040 |
_aUKM _bspa _erda _cCO-MdFUSB _dCO-MdFUSBC _dCO-MdFUSB |
||
| 041 | _aeng | ||
| 049 | _aPTSS | ||
| 082 | 0 | 4 |
_222 _a254 _bD848 |
| 090 | _aBV652.13 | ||
| 100 | 1 |
_aDudley, Martin. _eautor |
|
| 245 | 4 |
_aThe parish survival guide _c/ Martin Dudley , Virginia Rounding |
|
| 264 | 1 |
_aLondon, England : _bSPCK, _c[2004] |
|
| 264 | 4 | _c© 2004 | |
| 300 |
_a142 páginas ; _c22 cm |
||
| 336 |
_atexto _btxt _2rdacontent |
||
| 337 |
_asin mediación _bn _2rdamedia |
||
| 338 |
_avolumen _bnc _2rdacarrier |
||
| 505 | _aTiempo y recursos. -- Una ética del clero y el código de conducta. -- Liderazgo y gobernanza: modelos y enfoques. -- Protegerse a uno mismo y a los demás. -- Trabajar con otros: empleados y voluntariado. -- ¿Cómo estoy? evaluación y revisión. -- Gestión de riesgos. -- Conflicto en la parroquia. -- Querido obispo, quiero quejarme. -- Gestión de crisis. -- Un ministerio que vale todos sus dolores. | ||
| 563 | _aRústico | ||
| 650 | 7 |
_941 _aClero -- _bActividad política |
|
| 653 | _aGestión de la iglesia. | ||
| 700 | 1 |
_aRounding, Virginia. _eautor |
|
| 942 | _cBK | ||
| 945 | _aJTF-925 | ||
| 999 |
_c66130 _d66130 |
||